000 00693nam a2200265Ia 4500
005 20260121170249.0
008 008 260114s9999 xx 000 0 eng d
020 _a9789811072062
037 _aEBOOK
040 _aCRL
040 _beng
040 _cCRL
041 _2eng
041 _aeng
084 _qCRL
100 _aHimanshu Tyagi, Avinash Kumar Agarwal, Prodyut R. Chakraborty, Satvasheel Powar
_91061785
245 0 _aApplications of Solar Energy
260 _bSpringer
260 _bSpringer
260 _c2018
856 _uhttps://link.springer.com/openurl?genre=book&isbn=978-981-10-7206-2
942 _cEBOOK
999 _c1627514
_d1627514